Coton Park, Rugby, Warwickshire : a middle Iron Age settlement with copper alloy casting /
A total area of 3.1ha, taking in much of a settlement largely of the earlier Middle Iron Age, was excavated in 1998 in advance of development. The Iron Age settlement comprised several groups of roundhouse ring ditches and associated small enclosures forming an open settlement set alongside a linear...
المؤلف الرئيسي:
مؤلف مشترك:
مؤلفون آخرون: ,
التنسيق: كتاب الكتروني
اللغة: English
منشور في:
Oxford :
Archaeopress Archaeology,
2020.
الموضوعات:
الوصول للمادة أونلاين: Login to view Source
الوسوم: إضافة وسم
رقم الطلب: DA690
| LEADER | 02302nam a2200457 i 4500 | ||
|---|---|---|---|
| 001 | EDZ0002276937 | ||
| 003 | StDuBDS | ||
| 005 | 20230412182826.0 | ||
| 006 | m|||||o||d|||||||| | ||
| 007 | cr ||||||||||| | ||
| 008 | 200525s2020 enka fob 000|0|eng|d | ||
| 020 | |a 9781789696462 (PDF ebook) : |c No price | ||
| 040 | |a StDuBDS |b eng |c StDuBDS |e rda |e pn | ||
| 050 | 4 | |a DA690 | |
| 082 | 0 | 4 | |a 936.2485 |2 23 |
| 100 | 1 | |a Chapman, Andy, |d 1951- |e author, |e illustrator. | |
| 245 | 1 | 0 | |a Coton Park, Rugby, Warwickshire : |b a middle Iron Age settlement with copper alloy casting / |c Andy Chapman with contributions by Trevor Anderson [and eleven others] ; illustrations by Andy Chapman, Pat Walsh and Mark Roughley. |
| 264 | 1 | |a Oxford : |b Archaeopress Archaeology, |c 2020. | |
| 300 | |a 1 online resource (186 pages) : |b illustrations (colour) | ||
| 336 | |a text |2 rdacontent | ||
| 336 | |a still image |2 rdacontent | ||
| 337 | |a computer |2 rdamedia | ||
| 338 | |a online resource |2 rdacarrier | ||
| 500 | |a Also issued in print: 2020. | ||
| 500 | |a Publication sponsored by MOLA. | ||
| 504 | |a Includes bibliographical references. | ||
| 520 | 8 | |a A total area of 3.1ha, taking in much of a settlement largely of the earlier Middle Iron Age, was excavated in 1998 in advance of development. The Iron Age settlement comprised several groups of roundhouse ring ditches and associated small enclosures forming an open settlement set alongside a linear boundary ditch. This title considers the physical, social, and economic structure of the settlement. | |
| 521 | |a Specialized. | ||
| 588 | |a Description based on online resource; title from PDF title page (viewed on June 15, 2020). | ||
| 650 | 0 | |a Excavations (Archaeology) |z England |z Rugby. | |
| 650 | 0 | |a Copper alloys |x History. | |
| 651 | 0 | |a Rugby (England) |x History. | |
| 651 | 0 | |a Rugby (England) |x Antiquities. | |
| 700 | 1 | |a Walsh, Pat, |e illustrator. | |
| 700 | 1 | |a Roughley, Mark, |e illustrator. | |
| 710 | 2 | |a Museum of London Archaeology, |e sponsoring body. | |
| 776 | 0 | 8 | |i Print version : |z 9781789696455 |
| 856 | 4 | 0 | |3 Archaeopress |u http://library.arce.org:8087/Archaeopress/Products/9781789696455 |
| 942 | |2 lcc |c EBOOK | ||
| 952 | |0 0 |1 0 |4 0 |6 DA0690 |7 1 |9 46709 |a ARCH |b ARCH |d 2023-04-12 |l 0 |o DA690 |r 2023-04-12 00:00:00 |w 2023-04-12 |y EBOOK | ||
| 999 | |c 52367 |d 52367 | ||
